[Event "7MCR_4D_1L_3S"]
[Site "?"]
[Date "2006.??.??"]
[Round "?"]
[White "Hrdy, Roman"]
[Black "Alexa, Jaroslav"]
[Result "1/2-1/2"]
[WhiteElo "2260"]
[BlackElo "2359"]
[PlyCount "51"]
[EventDate "2006.??.??"]
[EventType "corr"]

1. e4 c5 2. Nf3 Nc6 3. d4 cxd4 4. Nxd4 Nf6 5. Nc3 e5 6. Ndb5 d6 7. Bg5 a6 8.
Na3 b5 9. Bxf6 gxf6 10. Nd5 Bg7 11. c3 f5 12. exf5 Bxf5 13. Nc2 O-O 14. Nce3
Be6 15. Bd3 f5 16. Qh5 e4 17. Bc2 Ne7 18. Nf4 Bf7 19. Bb3 d5 20. Qg5 Ng6 21.
Qxd8 Raxd8 22. Nexd5 Nxf4 23. Nxf4 b4 24. Ne6 Bxe6 25. Bxe6+ Kh8 26. cxb4
1/2-1/2

[Event "7MCR_4D_1L_3S"]
[Site "?"]
[Date "2006.??.??"]
[Round "?"]
[White "Hrdy, Roman"]
[Black "Kovar, Jan"]
[Result "1/2-1/2"]
[WhiteElo "2260"]
[BlackElo "2247"]
[PlyCount "114"]
[EventDate "2006.??.??"]
[EventType "corr"]

1. e4 e6 2. d4 d5 3. Nc3 Nf6 4. Bg5 dxe4 5. Nxe4 Nbd7 6. Nf3 h6 7. Nxf6+ Nxf6
8. Bh4 c5 9. Bb5+ Bd7 10. Bxd7+ Qxd7 11. Qe2 Be7 12. dxc5 O-O 13. O-O Bxc5 14.
Rfd1 Qc7 15. c4 Rfd8 16. a3 a5 17. Ne5 Be7 18. a4 Rxd1+ 19. Rxd1 Rd8 20. Rxd8+
Qxd8 21. h3 Qd4 22. Nf3 Qf4 23. Bg3 Qf5 24. Be5 Nd7 25. Bd4 Qb1+ 26. Qe1 Qxe1+
27. Nxe1 Nc5 28. Bxc5 Bxc5 29. Nd3 Bd4 30. b4 axb4 31. Nxb4 Kf8 32. Nd3 Ke7 33.
Kf1 Kd6 34. Ke2 e5 35. g4 e4 36. Nc1 Bb6 37. Nb3 Ke5 38. c5 Bd8 39. c6 bxc6 40.
a5 Kd5 41. a6 Bb6 42. Nd2 c5 43. Nb1 Kc4 44. Nd2+ Kd4 45. Nb1 Kc4 46. Nd2+ Kb5
47. Nxe4 Kxa6 48. Kd3 Kb5 49. Nd6+ Kb4 50. h4 Bc7 51. Nc4 Bf4 52. h5 g6 53. f3
Kb5 54. Na3+ Kb4 55. Nc4 Kb5 56. Na3+ Kc6 57. Ke4 Bd6 1/2-1/2

[Event "7MCR_4D_1L_3S"]
[Site "?"]
[Date "2006.??.??"]
[Round "?"]
[White "Hrdy, Roman"]
[Black "Kuchtova, Ruzena"]
[Result "1/2-1/2"]
[WhiteElo "2260"]
[BlackElo "2173"]
[PlyCount "55"]
[EventDate "2006.??.??"]
[EventType "corr"]

1. e4 c6 2. d4 d5 3. e5 Bf5 4. Nc3 e6 5. g4 Bg6 6. Nge2 c5 7. Be3 Nc6 8. dxc5
Nxe5 9. Nd4 Nd7 10. f4 Bxc5 11. f5 e5 12. Qe2 Ne7 13. O-O-O exd4 14. Bxd4 Bxd4
15. Rxd4 Bxf5 16. gxf5 O-O 17. Bg2 Re8 18. Qd2 Nf6 19. Nxd5 Nfxd5 20. Bxd5 Nxd5
21. Rxd5 Qf6 22. Rd1 h6 23. h3 a6 24. Qd4 Qxd4 25. R1xd4 Re1+ 26. Kd2 Rae8 27.
Kc3 Rf1 28. Rd3 1/2-1/2

[Event "7MCR_4D_1L_3S"]
[Site "?"]
[Date "2006.??.??"]
[Round "?"]
[White "Hrdy, Roman"]
[Black "Pirhala, Ladislav"]
[Result "1/2-1/2"]
[WhiteElo "2260"]
[BlackElo "2092"]
[PlyCount "125"]
[EventDate "2006.??.??"]
[EventType "corr"]

1. e4 e5 2. Nf3 Nc6 3. Bb5 a6 4. Ba4 b5 5. Bb3 Nf6 6. O-O Be7 7. Re1 d6 8. c3
O-O 9. h3 Na5 10. Bc2 c5 11. d4 Qc7 12. Nbd2 cxd4 13. cxd4 Bd7 14. Nf1 Rac8 15.
Ne3 exd4 16. Nxd4 Nc6 17. Ndf5 Rfe8 18. Bd2 Bf8 19. Bc3 Bxf5 20. Nxf5 Ne5 21.
Ne3 Qc6 22. f3 g6 23. Bb3 Bh6 24. a4 b4 25. Bd4 a5 26. Qe2 Nfd7 27. Bd5 Qc7 28.
b3 Nc5 29. Rad1 Bf4 30. Nf1 Ne6 31. Bf2 Bh6 32. Ne3 Nf4 33. Qf1 Qc3 34. Bb7
Qxb3 35. Bxc8 Rxc8 36. Ng4 Bg7 37. Qa6 Qc4 38. Qxd6 Ned3 39. Rf1 Ne2+ 40. Kh2
Nxf2 41. Rxf2 Nc3 42. Rdd2 Nxa4 43. Nf6+ Bxf6 44. Qxf6 Qc7+ 45. e5 Nb6 46. f4
Nd7 47. Qa6 Nc5 48. Qc4 Ne6 49. Qa2 Nc5 50. Rd4 b3 51. Qa3 Ne6 52. Rd5 Rb8 53.
Rb2 Qc3 54. Rxa5 Kg7 55. Ra7 Qe3 56. Rb1 Qxf4+ 57. Kh1 Qf2 58. Rd7 Nc5 59. Rdd1
Ne4 60. Qb2 Qxb2 61. Rxb2 Nc5 62. Rbb1 b2 63. Rd2 1/2-1/2

[Event "7MCR_4D_1L_3S"]
[Site "?"]
[Date "2006.??.??"]
[Round "?"]
[White "Hrdy, Roman"]
[Black "Splichal, Josef"]
[Result "1-0"]
[WhiteElo "2260"]
[BlackElo "2242"]
[PlyCount "75"]
[EventDate "2006.??.??"]
[EventType "corr"]

1. d4 d5 2. c4 e6 3. Nc3 Nf6 4. cxd5 exd5 5. Bg5 c6 6. e3 h6 7. Bh4 Be7 8. Qc2
O-O 9. Bd3 Re8 10. Nge2 Nbd7 11. O-O Bd6 12. h3 Nb6 13. Rae1 Be7 14. Bg3 Be6
15. Nf4 Bd6 16. f3 Bc8 17. Qf2 Qc7 18. Nfe2 Bxg3 19. Nxg3 Bd7 20. e4 Qf4 21. e5
Nh7 22. b3 Qh4 23. f4 Rac8 24. f5 Nf8 25. b4 Rb8 26. Qe3 Nh7 27. a4 Qg5 28. Rf4
Qd8 29. a5 Nc4 30. Bxc4 dxc4 31. Nge4 Qe7 32. Qg3 Kh8 33. Nd6 Rg8 34. Nce4 Rbf8
35. Nd2 c3 36. N2e4 c2 37. Rf2 Rb8 38. Rxc2 1-0

[Event "7MCR_4D_1L_3S"]
[Site "?"]
[Date "2006.??.??"]
[Round "?"]
[White "Hrdy, Roman"]
[Black "Svrsek, Radomir"]
[Result "1/2-1/2"]
[WhiteElo "2260"]
[BlackElo "2211"]
[PlyCount "77"]
[EventDate "2006.??.??"]
[EventType "corr"]

1. e4 c6 2. d4 d5 3. e5 Bf5 4. Nc3 e6 5. g4 Bg6 6. Nge2 c5 7. Be3 Nc6 8. dxc5
Nxe5 9. Nd4 Nd7 10. f4 Ngf6 11. f5 exf5 12. gxf5 Bh5 13. Be2 Qe7 14. Qd3 O-O-O
15. Bxh5 Nxh5 16. O-O-O Ne5 17. Qb5 a6 18. Qe2 Nc4 19. Bf2 Nf6 20. c6 Re8 21.
Qxe7 Bxe7 22. cxb7+ Kxb7 23. Nf3 Ne4 24. Bd4 Ng5 25. Ne5 Nxe5 26. Bxe5 Nf3 27.
Bxg7 Bg5+ 28. Kb1 Rhg8 29. f6 d4 30. Nd5 Re2 31. h4 Bxh4 32. Rd3 Rf2 33. a3 Rd8
34. Rb3+ Ka8 35. Nb6+ Ka7 36. Nc4 Rc8 37. Nd6 Rcxc2 38. Ne4 Rfe2 39. Rxf3
1/2-1/2

[Event "7MCR_4D_1L_3S"]
[Site "?"]
[Date "2006.??.??"]
[Round "?"]
[White "Hrdy, Roman"]
[Black "Trita, Stanislav"]
[Result "1/2-1/2"]
[WhiteElo "2260"]
[BlackElo "2159"]
[PlyCount "101"]
[EventDate "2006.??.??"]
[EventType "corr"]

1. e4 e6 2. d4 d5 3. Nc3 dxe4 4. Nxe4 Nd7 5. Nf3 Ngf6 6. Nxf6+ Nxf6 7. c3 c5 8.
Ne5 Bd7 9. Be3 Bd6 10. Nc4 Be7 11. dxc5 O-O 12. Bd4 Bc6 13. Bd3 Qd5 14. Ne3 Qg5
15. O-O Nd5 16. Qg4 Qxg4 17. Nxg4 Nf4 18. Bc2 Bxg2 19. Rfe1 Bf3 20. Ne5 Ne2+
21. Kf1 Nxd4 22. cxd4 Bd5 23. Be4 Rfd8 24. Rac1 Kf8 25. a3 f5 26. Bxd5 Rxd5 27.
Rc4 b6 28. Nd3 b5 29. Rb4 a5 30. Rxb5 Rxd4 31. Ne5 a4 32. c6 Rc8 33. Nd7+ Kf7
34. Rb7 Rd6 35. Ne5+ Kf6 36. Kg2 g5 37. Re2 h5 38. Rb4 Rd5 39. Nd7+ Kg7 40. Nb6
Bxb4 41. Nxc8 Ba5 42. Rxe6 Rc5 43. Nd6 Bb6 44. h4 g4 45. Kg3 Kf8 46. Kf4 Rxc6
47. Re8+ Kg7 48. Nxf5+ Kh7 49. Re4 Rc2 50. Kg5 Bxf2 51. Rxa4 1/2-1/2

[Event "7MCR_4D_1L_3S"]
[Site "?"]
[Date "2006.??.??"]
[Round "?"]
[White "Kovar, Jan"]
[Black "Alexa, Jaroslav"]
[Result "1/2-1/2"]
[WhiteElo "2247"]
[BlackElo "2359"]
[PlyCount "37"]
[EventDate "2006.??.??"]
[EventType "corr"]

1. e4 c5 2. Nf3 d6 3. Bb5+ Bd7 4. Bxd7+ Qxd7 5. O-O Nc6 6. c3 Nf6 7. d4 Nxe4 8.
d5 Ne5 9. Nxe5 dxe5 10. Re1 Nd6 11. Rxe5 g6 12. Re2 Bg7 13. Bf4 O-O 14. Na3
Rad8 15. Bxd6 Qxd6 16. Qb3 Rd7 17. Rae1 Qxd5 18. Qxd5 Rxd5 19. Rxe7 1/2-1/2

[Event "7MCR_4D_1L_3S"]
[Site "?"]
[Date "2006.??.??"]
[Round "?"]
[White "Kovar, Jan"]
[Black "Beran, Petr"]
[Result "1/2-1/2"]
[WhiteElo "2247"]
[BlackElo "2212"]
[PlyCount "69"]
[EventDate "2006.??.??"]
[EventType "corr"]

1. e4 e5 2. Nf3 Nf6 3. Nc3 Nc6 4. Bb5 Bb4 5. O-O O-O 6. d3 d6 7. Bg5 Bxc3 8.
bxc3 Qe7 9. Re1 Nd8 10. d4 Ne6 11. Bc1 Rd8 12. Nh4 c6 13. Bf1 Qc7 14. Nf5 Nf4
15. Qf3 Bxf5 16. exf5 c5 17. c4 cxd4 18. g3 N4h5 19. g4 Nf4 20. Bxf4 exf4 21.
Qxf4 Re8 22. Qxd4 Qa5 23. c3 h6 24. h4 Rxe1 25. Rxe1 Re8 26. Rxe8+ Nxe8 27. Qe4
Nf6 28. Qxb7 Nxg4 29. f6 Qf5 30. Qxa7 Ne5 31. Qa8+ Kh7 32. Be2 Qb1+ 33. Kh2
gxf6 34. Qg2 f5 35. a4 1/2-1/2

[Event "7MCR_4D_1L_3S"]
[Site "?"]
[Date "2006.??.??"]
[Round "?"]
[White "Kovar, Jan"]
[Black "Kuchtova, Ruzena"]
[Result "1-0"]
[WhiteElo "2247"]
[BlackElo "2173"]
[PlyCount "79"]
[EventDate "2006.??.??"]
[EventType "corr"]

1. e4 c6 2. d4 d5 3. e5 Bf5 4. Nf3 e6 5. Be2 c5 6. Be3 Qb6 7. Nc3 Nc6 8. O-O
Qxb2 9. Nb5 Rc8 10. dxc5 Qxc2 11. Qe1 Qe4 12. Nfd4 Nxd4 13. Nxd4 Bxc5 14. Rc1
b6 15. Bb5+ Kf8 16. Nb3 Ne7 17. Nxc5 bxc5 18. Bxc5 Qxe1 19. Rfxe1 f6 20. Bd7
Rxc5 21. Rxc5 Kf7 22. exf6 gxf6 23. Ra5 Ra8 24. h3 h5 25. Ra6 e5 26. Bxf5 Nxf5
27. Rc1 Nd4 28. Rc5 Rd8 29. Rxa7+ Ke6 30. a4 e4 31. Ra6+ Ke5 32. Rb6 Rg8 33. a5
Ne6 34. Rcc6 Nf4 35. Kf1 Nxg2 36. a6 Nh4 37. f4+ Kxf4 38. a7 Ra8 39. Rxf6+ Kg3
40. Rf7 1-0

[Event "7MCR_4D_1L_3S"]
[Site "?"]
[Date "2006.??.??"]
[Round "?"]
[White "Kovar, Jan"]
[Black "Pirhala, Ladislav"]
[Result "1/2-1/2"]
[WhiteElo "2247"]
[BlackElo "2092"]
[PlyCount "62"]
[EventDate "2006.??.??"]
[EventType "corr"]

1. e4 e5 2. Nf3 Nc6 3. Nc3 Nf6 4. Bb5 Bb4 5. O-O O-O 6. d3 d6 7. Bg5 Bxc3 8.
bxc3 Qe7 9. Re1 Nd8 10. d4 Ne6 11. Bc1 c5 12. a4 Rd8 13. Bc4 h6 14. h3 b6 15.
d5 Nc7 16. Bd3 Bd7 17. c4 Nh7 18. Nh2 Qh4 19. g3 Qe7 20. Qh5 Na6 21. c3 Ng5 22.
Bf1 Re8 23. Bg2 Nh7 24. Ng4 Bxg4 25. Qxg4 Nf6 26. Qe2 Nb8 27. Ra2 Nbd7 28. Bd2
Nf8 29. Qd1 N8h7 30. Kh2 Rab8 31. Be3 Ra8 1/2-1/2

[Event "7MCR_4D_1L_3S"]
[Site "?"]
[Date "2006.??.??"]
[Round "?"]
[White "Kovar, Jan"]
[Black "Riha, Jan"]
[Result "0-1"]
[WhiteElo "2247"]
[BlackElo "2277"]
[PlyCount "62"]
[EventDate "2006.??.??"]
[EventType "corr"]

1. e4 e5 2. Nf3 Nf6 3. Nc3 Nc6 4. Bb5 Nd4 5. Bc4 Bc5 6. Nxe5 Qe7 7. Nd3 d5 8.
Nxd5 Qxe4+ 9. Ne3 Bd6 10. f3 Qh4+ 11. Nf2 O-O 12. g3 Qh5 13. g4 Qc5 14. c3 Re8
15. b3 Nc6 16. Kf1 Ne7 17. a4 a6 18. Ne4 Nxe4 19. fxe4 Ng6 20. d4 Qc6 21. Qf3
Kh8 22. d5 Qd7 23. Nf5 Ne5 24. Qe2 Qd8 25. Rg1 h5 26. h3 Bc5 27. Rg3 Bxf5 28.
gxf5 Qh4 29. Kg2 Nxc4 30. Qxc4 Rxe4 31. Qxc5 Re2+ 0-1

[Event "7MCR_4D_1L_3S"]
[Site "?"]
[Date "2006.??.??"]
[Round "?"]
[White "Kovar, Jan"]
[Black "Svrsek, Radomir"]
[Result "1/2-1/2"]
[WhiteElo "2247"]
[BlackElo "2211"]
[PlyCount "34"]
[EventDate "2006.??.??"]
[EventType "corr"]

1. e4 c6 2. d4 d5 3. e5 Bf5 4. Nf3 e6 5. Be2 c5 6. Be3 Qb6 7. Nc3 c4 8. Rb1 Qd8
9. O-O Nc6 10. Bg5 Be7 11. Bxe7 Ngxe7 12. b3 cxb3 13. axb3 Be4 14. Nd2 Bg6 15.
Nf3 Be4 16. Nd2 Bg6 17. Nf3 Be4 1/2-1/2

[Event "7MCR_4D_1L_3S"]
[Site "?"]
[Date "2006.??.??"]
[Round "?"]
[White "Kovar, Jan"]
[Black "Trita, Stanislav"]
[Result "1/2-1/2"]
[WhiteElo "2247"]
[BlackElo "2159"]
[PlyCount "71"]
[EventDate "2006.??.??"]
[EventType "corr"]

1. e4 e6 2. d4 d5 3. Nd2 dxe4 4. Nxe4 Nd7 5. Nf3 Ngf6 6. Bg5 h6 7. Nxf6+ Nxf6
8. Bh4 c5 9. Ne5 Qxd4 10. Bb5+ Bd7 11. Qxd4 cxd4 12. Nxd7 Nxd7 13. O-O-O Bc5
14. b4 Bb6 15. c4 Rc8 16. Kb2 a6 17. Bxd7+ Kxd7 18. c5 Bc7 19. Rxd4+ Kc6 20.
Kb3 e5 21. Rd2 g5 22. Bg3 f5 23. f3 Rcd8 24. Rhd1 Rxd2 25. Rxd2 Re8 26. a4 f4
27. Bf2 e4 28. fxe4 Rxe4 29. Bd4 g4 30. Kc4 b5+ 31. cxb6 Bxb6 32. Kc3 Bc7 33.
Kd3 Kd5 34. Kc3 Be5 35. Bxe5+ Kxe5 36. Rd8 1/2-1/2

[Event "7MCR_4D_1L_3S"]
[Site "?"]
[Date "2006.??.??"]
[Round "?"]
[White "Krouzel, Jaroslav"]
[Black "Canibal, Jaromir"]
[Result "1/2-1/2"]
[WhiteElo "2324"]
[BlackElo "2255"]
[PlyCount "31"]
[EventDate "2006.??.??"]
[EventType "corr"]

1. d4 Nf6 2. c4 g6 3. Nc3 Bg7 4. e4 d6 5. Be2 O-O 6. Bg5 Na6 7. f4 c6 8. Nf3
Nc7 9. Bh4 d5 10. e5 Ne4 11. O-O f6 12. Qb3 Kh8 13. Rad1 Nxc3 14. Qxc3 dxc4 15.
Bxc4 Nd5 16. Qd2 1/2-1/2

[Event "7MCR_4D_1L_3S"]
[Site "?"]
[Date "2006.??.??"]
[Round "?"]
[White "Krouzel, Jaroslav"]
[Black "Contos, Vaclav"]
[Result "0-1"]
[WhiteElo "2324"]
[BlackElo "2200"]
[PlyCount "106"]
[EventDate "2006.??.??"]
[EventType "corr"]

1. d4 Nf6 2. c4 e6 3. Nc3 c5 4. d5 exd5 5. cxd5 d6 6. e4 g6 7. Bf4 a6 8. a4 Bg7
9. Nf3 Bg4 10. Be2 Bxf3 11. Bxf3 Qe7 12. O-O Nbd7 13. Re1 O-O 14. a5 Rab8 15.
Na4 Ne5 16. Be2 Nxe4 17. Bf1 g5 18. Bc1 f5 19. f3 Rbe8 20. Re2 Qf7 21. fxe4 Ng4
22. e5 Rxe5 23. Ra3 Rxd5 24. Qc2 Bd4+ 25. Kh1 f4 26. Rh3 Rf5 27. Qd3 Re5 28.
Rf3 Rxe2 29. Qxe2 Re8 30. Qd2 Ne3 31. Nc3 g4 32. Rf2 Re5 33. Qd3 f3 34. gxf3 g3
35. Re2 Rh5 36. Qe4 Nxf1 37. Qg4+ Bg7 38. h3 Nh2 39. Qc8+ Bf8 40. f4 Re5 41.
Rxe5 dxe5 42. Qd8 Nf3 43. Kg2 Ne1+ 44. Kxg3 Qg6+ 45. Qg5 Nd3 46. f5 Qxg5+ 47.
Bxg5 Nxb2 48. Kf3 Nc4 49. Bd8 Nd6 50. Bc7 Kf7 51. Kg4 Nb5 52. Bxe5 Nxc3 53.
Bxc3 Bg7 0-1

[Event "7MCR_4D_1L_3S"]
[Site "?"]
[Date "2006.??.??"]
[Round "?"]
[White "Krouzel, Jaroslav"]
[Black "Hrdy, Roman"]
[Result "1/2-1/2"]
[WhiteElo "2324"]
[BlackElo "2260"]
[PlyCount "54"]
[EventDate "2006.??.??"]
[EventType "corr"]

1. d4 f5 2. c4 Nf6 3. Nf3 e6 4. g3 d5 5. Bg2 c6 6. O-O Bd6 7. Bf4 Bxf4 8. gxf4
O-O 9. e3 Qe7 10. Nbd2 Bd7 11. Qc2 Be8 12. cxd5 cxd5 13. Rfc1 Nc6 14. Qc5 Qd8
15. Ne5 Ne4 16. Nxe4 fxe4 17. Nxc6 Bxc6 18. Rc2 Kh8 19. Kh1 a6 20. Rg1 Rc8 21.
Qb4 a5 22. Qa3 Rg8 23. f3 g5 24. fxg5 exf3 25. Bxf3 Rxg5 26. Rcg2 Rxg2 27. Bxg2
Qg5 1/2-1/2

[Event "7MCR_4D_1L_3S"]
[Site "?"]
[Date "2006.??.??"]
[Round "?"]
[White "Krouzel, Jaroslav"]
[Black "Kovar, Jan"]
[Result "1/2-1/2"]
[WhiteElo "2324"]
[BlackElo "2247"]
[PlyCount "49"]
[EventDate "2006.??.??"]
[EventType "corr"]

1. d4 d5 2. c4 e6 3. Nc3 c6 4. Nf3 Nf6 5. Bg5 Nbd7 6. e3 Qa5 7. Nd2 Bb4 8. Qc2
O-O 9. Be2 e5 10. O-O exd4 11. Nb3 Qb6 12. exd4 dxc4 13. Bxc4 a5 14. a3 Bd6 15.
Ne4 Nxe4 16. Qxe4 Qc7 17. Bd3 Bxh2+ 18. Kh1 f5 19. Qe6+ Kh8 20. g3 Nf6 21. Qe2
Re8 22. Qf3 Be6 23. Kxh2 Bxb3 24. Bxf6 gxf6 25. Qxf5 1/2-1/2

[Event "7MCR_4D_1L_3S"]
[Site "?"]
[Date "2006.??.??"]
[Round "?"]
[White "Krouzel, Jaroslav"]
[Black "Portych, Vaclav"]
[Result "1/2-1/2"]
[WhiteElo "2324"]
[BlackElo "2116"]
[PlyCount "60"]
[EventDate "2006.??.??"]
[EventType "corr"]

1. d4 Nf6 2. c4 e6 3. Nc3 Bb4 4. Qc2 O-O 5. a3 Bxc3+ 6. Qxc3 b6 7. Bg5 Bb7 8.
f3 h6 9. Bh4 d5 10. e3 Nbd7 11. cxd5 Nxd5 12. Bxd8 Nxc3 13. Bh4 Nd5 14. Bf2 c5
15. Bb5 N5f6 16. Ne2 a6 17. Ba4 b5 18. Bc2 cxd4 19. Nxd4 Rac8 20. O-O-O Ne5 21.
e4 Nc4 22. Nb3 Rc7 23. Nc5 Rfc8 24. Kb1 a5 25. Nxb7 Rxb7 26. Bd3 Nd7 27. Be2
Nc5 28. Bxc5 Rxc5 29. Rd8+ Kh7 30. Rc1 Rbc7 1/2-1/2

[Event "7MCR_4D_1L_3S"]
[Site "?"]
[Date "2006.??.??"]
[Round "?"]
[White "Krouzel, Jaroslav"]
[Black "Privoznik, Lubos"]
[Result "1/2-1/2"]
[WhiteElo "2324"]
[BlackElo "2343"]
[PlyCount "84"]
[EventDate "2006.??.??"]
[EventType "corr"]

1. d4 Nf6 2. c4 g6 3. Nc3 Bg7 4. e4 d6 5. Be2 c6 6. Nf3 a6 7. O-O O-O 8. Bg5 b5
9. e5 Ne8 10. h3 Nd7 11. exd6 Nxd6 12. c5 h6 13. cxd6 hxg5 14. dxe7 Qxe7 15.
Re1 Qb4 16. Qd2 Bb7 17. Rad1 Rad8 18. a3 Qd6 19. Ne4 Qf4 20. Nfxg5 Qxd2 21.
Rxd2 Nb6 22. Nf3 Rfe8 23. Nc5 Bc8 24. Rdd1 Nd7 25. Nxd7 Bxd7 26. b4 Be6 27. Ne5
Bb3 28. Rd3 Bd5 29. f4 Kh7 30. Kf2 f6 31. Ng4 Re4 32. g3 Bc4 33. Rdd1 Rexd4 34.
Rxd4 Rxd4 35. Rd1 Rxd1 36. Bxd1 Be6 37. Ke3 Bxg4 38. hxg4 f5 39. gxf5 gxf5 40.
Bc2 Bb2 41. Bxf5+ Kg7 42. Bc8 Bxa3 1/2-1/2

[Event "7MCR_4D_1L_3S"]
[Site "?"]
[Date "2006.??.??"]
[Round "?"]
[White "Krouzel, Jaroslav"]
[Black "Splichal, Josef"]
[Result "1-0"]
[WhiteElo "2324"]
[BlackElo "2242"]
[PlyCount "87"]
[EventDate "2006.??.??"]
[EventType "corr"]

1. d4 d5 2. c4 e6 3. Nc3 Nf6 4. Bg5 Be7 5. e3 O-O 6. Nf3 h6 7. Bh4 c5 8. dxc5
Nc6 9. cxd5 Nxd5 10. Bxe7 Qxe7 11. Nxd5 exd5 12. Rc1 d4 13. Nxd4 Rd8 14. Be2
Nxd4 15. exd4 Qh4 16. O-O Be6 17. Bf3 Rxd4 18. Qc2 Bd5 19. Bxd5 Rxd5 20. Qb3
Rd7 21. Rcd1 Re7 22. Rfe1 Rae8 23. Rxe7 Qxe7 24. Qe3 Qf8 25. Qd4 Qe7 26. h3 Qe2
27. b4 Qxa2 28. Ra1 Qc2 29. Qd7 Qe4 30. Rxa7 Re7 31. Qd2 Kh7 32. Ra1 Re6 33.
Rc1 Kg8 34. b5 Rg6 35. g3 Qe8 36. Qd3 Qc8 37. Kg2 Rf6 38. Qd5 Rf5 39. Qe4 Rf6
40. c6 bxc6 41. Rxc6 Qa8 42. Qc2 Re6 43. Kh2 Re8 44. Rc7 1-0

[Event "7MCR_4D_1L_3S"]
[Site "?"]
[Date "2006.??.??"]
[Round "?"]
[White "Kuchtova, Ruzena"]
[Black "Beran, Petr"]
[Result "1/2-1/2"]
[WhiteElo "2173"]
[BlackElo "2212"]
[PlyCount "28"]
[EventDate "2006.??.??"]
[EventType "corr"]

1. c4 e5 2. Nc3 Nc6 3. Nf3 Nf6 4. g3 Bb4 5. Bg2 O-O 6. O-O e4 7. Ng5 Bxc3 8.
bxc3 Re8 9. Qc2 Qe7 10. d3 exd3 11. exd3 d6 12. Bf4 Bf5 13. Rab1 h6 14. Nf3
Rab8 1/2-1/2

[Event "7MCR_4D_1L_3S"]
[Site "?"]
[Date "2006.??.??"]
[Round "?"]
[White "Kuchtova, Ruzena"]
[Black "Contos, Vaclav"]
[Result "1/2-1/2"]
[WhiteElo "2173"]
[BlackElo "2200"]
[PlyCount "28"]
[EventDate "2006.??.??"]
[EventType "corr"]

1. c4 c6 2. d4 d5 3. Nc3 Nf6 4. cxd5 cxd5 5. Nf3 Nc6 6. e3 a6 7. Be2 Bg4 8. Ne5
Bxe2 9. Nxe2 Rc8 10. Bd2 e6 11. Rc1 Qb6 12. Nxc6 Rxc6 13. Rxc6 Qxc6 14. Qb3 Bd6
1/2-1/2

[Event "7MCR_4D_1L_3S"]
[Site "?"]
[Date "2006.??.??"]
[Round "?"]
[White "Kuchtova, Ruzena"]
[Black "Krouzel, Jaroslav"]
[Result "1/2-1/2"]
[WhiteElo "2173"]
[BlackElo "2324"]
[PlyCount "64"]
[EventDate "2006.??.??"]
[EventType "corr"]

1. c4 f5 2. d4 Nf6 3. Nc3 e6 4. g3 Be7 5. Bg2 O-O 6. Nf3 d6 7. O-O Qe8 8. Qb3
Kh8 9. Bf4 c6 10. Qc2 Nbd7 11. Rad1 Qh5 12. Rfe1 Ng4 13. h3 Nh6 14. Bd2 d5 15.
e3 Nf6 16. Ne2 Ne4 17. Nf4 Qe8 18. b3 Nf7 19. Nd3 Bd7 20. Bb4 Bxb4 21. Nxb4
dxc4 22. Qxc4 Rc8 23. Nd3 c5 24. dxc5 Bb5 25. Qb4 Bxd3 26. Rxd3 Nxc5 27. Rc3 b6
28. Qh4 Qd7 29. Rec1 a5 30. b4 axb4 31. Qxb4 Rfd8 32. Bf1 e5 1/2-1/2

[Event "7MCR_4D_1L_3S"]
[Site "?"]
[Date "2006.??.??"]
[Round "?"]
[White "Kuchtova, Ruzena"]
[Black "Portych, Vaclav"]
[Result "1/2-1/2"]
[WhiteElo "2173"]
[BlackElo "2116"]
[PlyCount "62"]
[EventDate "2006.??.??"]
[EventType "corr"]

1. c4 e5 2. Nc3 Nc6 3. Nf3 Nf6 4. g3 Bb4 5. Bg2 O-O 6. O-O e4 7. Ng5 Bxc3 8.
bxc3 Re8 9. Qc2 Qe7 10. d3 exd3 11. exd3 d6 12. Bf4 Bf5 13. Rab1 h6 14. Nf3
Rab8 15. Rfe1 Qd7 16. Rxe8+ Qxe8 17. Re1 Qd7 18. Nd4 Nxd4 19. cxd4 a6 20. c5 b5
21. c6 Qc8 22. d5 a5 23. Be4 Bh3 24. Bc1 b4 25. Bb2 Qg4 26. f3 Qg5 27. f4 Qg4
28. Bxf6 gxf6 29. Qa4 f5 30. Bg2 Bxg2 31. Kxg2 Qg7 1/2-1/2

[Event "7MCR_4D_1L_3S"]
[Site "?"]
[Date "2006.??.??"]
[Round "?"]
[White "Kuchtova, Ruzena"]
[Black "Privoznik, Lubos"]
[Result "1/2-1/2"]
[WhiteElo "2173"]
[BlackElo "2343"]
[PlyCount "86"]
[EventDate "2006.??.??"]
[EventType "corr"]

1. c4 Nf6 2. Nc3 e5 3. Nf3 Nc6 4. g3 Bc5 5. Bg2 O-O 6. O-O d6 7. d3 h6 8. Na4
Re8 9. Nxc5 dxc5 10. Nd2 Nd4 11. e3 Nc6 12. Bxc6 bxc6 13. Qe2 a5 14. Ne4 Nxe4
15. dxe4 Be6 16. b3 a4 17. Bb2 f6 18. Rfd1 Qb8 19. Rd3 axb3 20. axb3 Rxa1+ 21.
Bxa1 Qb4 22. Qd1 Qa3 23. f4 Ra8 24. Bc3 Rb8 25. Be1 Bh3 26. g4 Qb2 27. Rd2 Qxb3
28. Qf3 Bxg4 29. Qxg4 Qxe3+ 30. Kf1 Qxe4 31. Rg2 Qxf4+ 32. Qxf4 exf4 33. Ra2
Re8 34. Ra5 g5 35. Rxc5 Re6 36. Ra5 Kf7 37. Ra6 Ke7 38. c5 Kd7 39. Ra8 Re5 40.
Bf2 Re8 41. Ra2 Rb8 42. Rd2+ Ke6 43. Re2+ Kf5 1/2-1/2

[Event "7MCR_4D_1L_3S"]
[Site "?"]
[Date "2006.??.??"]
[Round "?"]
[White "Kuchtova, Ruzena"]
[Black "Riha, Jan"]
[Result "1/2-1/2"]
[WhiteElo "2173"]
[BlackElo "2277"]
[PlyCount "42"]
[EventDate "2006.??.??"]
[EventType "corr"]

1. c4 Nf6 2. Nc3 g6 3. d4 Bg7 4. Nf3 d5 5. cxd5 Nxd5 6. e4 Nxc3 7. bxc3 c5 8.
Rb1 O-O 9. Be2 Nc6 10. d5 Ne5 11. Nxe5 Bxe5 12. Qd2 e6 13. f4 Bc7 14. dxe6
Qxd2+ 15. Bxd2 fxe6 16. O-O b6 17. Bc4 Kg7 18. e5 Bd7 19. Be3 Rfe8 20. Rbd1 Bc6
21. h4 Rad8 1/2-1/2

[Event "7MCR_4D_1L_3S"]
[Site "?"]
[Date "2006.??.??"]
[Round "?"]
[White "Kuchtova, Ruzena"]
[Black "Svrsek, Radomir"]
[Result "1/2-1/2"]
[WhiteElo "2173"]
[BlackElo "2211"]
[PlyCount "122"]
[EventDate "2006.??.??"]
[EventType "corr"]

1. c4 e5 2. Nc3 Nf6 3. Nf3 Nc6 4. g3 d5 5. cxd5 Nxd5 6. Bg2 Be6 7. O-O Nb6 8.
d3 Be7 9. a4 a5 10. Bd2 O-O 11. Nb5 Nd5 12. Qc1 f6 13. Rd1 Qd7 14. Qb1 Nd8 15.
d4 Nb4 16. dxe5 Qc8 17. exf6 Bxf6 18. Ng5 Bf5 19. Be4 Bxg5 20. Bxg5 Bxe4 21.
Qxe4 Nbc6 22. Bxd8 Rxd8 23. Rd5 Re8 24. Qf4 Re7 25. Rad1 Rb8 26. R1d2 Ra8 27.
e3 h6 28. Kg2 Rf7 29. Qe4 Re7 30. Qc4 Kh7 31. Qd3+ Kh8 32. Qf5 Qxf5 33. Rxf5
Rae8 34. Rfd5 Nb4 35. R5d4 Na6 36. Rc2 Kh7 37. h4 Rf7 38. Rc3 b6 39. f4 g5 40.
hxg5 hxg5 41. Rd5 Rg7 42. Rxg5 Rxg5 43. fxg5 Re7 44. Rc6 Rxe3 45. Nxc7 Nxc7 46.
Rxc7+ Kh8 47. Kh3 Re4 48. b3 Rb4 49. Ra7 Kg8 50. Rb7 Kf8 51. g4 Rxb3+ 52. Kh4
Rb4 53. Kh5 Rb2 54. Kg6 Rg2 55. Rb8+ Ke7 56. Kh7 Rxg4 57. g6 Rxa4 58. Rb7+ Kd6
59. Rxb6+ Kc5 60. Ra6 Rh4+ 61. Kg8 Kb4 1/2-1/2

[Event "7MCR_4D_1L_3S"]
[Site "?"]
[Date "2006.??.??"]
[Round "?"]
[White "Pirhala, Ladislav"]
[Black "Beran, Petr"]
[Result "0-1"]
[WhiteElo "2092"]
[BlackElo "2212"]
[PlyCount "98"]
[EventDate "2006.??.??"]
[EventType "corr"]

1. e4 c6 2. d4 d5 3. Nc3 dxe4 4. Nxe4 Nd7 5. Bg5 Ngf6 6. Nc3 Nb6 7. Nf3 Bg4 8.
Be2 e6 9. O-O h6 10. Bh4 Be7 11. h3 Bxf3 12. Bxf3 O-O 13. Qd3 Nbd5 14. Nxd5
cxd5 15. b3 Rc8 16. c4 b6 17. Rac1 dxc4 18. Rxc4 Rxc4 19. bxc4 e5 20. Bxf6 Bxf6
21. d5 Be7 22. Be4 Bc5 23. Qf3 Qg5 24. Qg4 f5 25. Qxg5 hxg5 26. Bc2 g4 27. Kh2
gxh3 28. Kxh3 g6 29. f3 Kg7 30. g3 Bd6 31. Kg2 Rc8 32. Bb3 a5 33. a4 Kf6 34.
Re1 Bb4 35. Re3 Rc7 36. Ba2 Bc5 37. Re2 Bd4 38. Re1 Ke7 39. Rh1 Kd6 40. Rh8 Kc5
41. Rg8 Kb4 42. Rxg6 Kxa4 43. Rc6 Rf7 44. Bb1 Bc5 45. Re6 Kb3 46. Rxe5 Re7 47.
Rxf5 Re2+ 48. Kh3 Rb2 49. Be4 Rd2 0-1